Statistiques concernant Carte de l'Europe en 1812

Cliquez ici pour prendre le quiz!

Statistiques générales

  • Ce quiz a été pris 364 fois
  • Le résultat moyen est 18 sur 27

Réponses sur la Carte

Les réponses sont colorées sur une échelle allant du rouge au vert en fonction du pourcentage des utilisateurs qui les ont devinées à leur premier essai. Vous pouvez retrouver ces pourcentages ci-dessous.
 

Statistiques - réponses

Statut politiqueRéponse% Correct
France
100%
Etat client françaisEspagne
99%
Portugal
99%
Russie
99%
Royaume-Uni
98%
Allié français en 1812Danemark
96%
Suède
96%
Etat client françaisSuisse
95%
Empire ottoman
93%
Allié français en 1812Autriche
92%
Allié français en 1812Prusse
92%
Sicile
82%
Etat client françaisItalie
80%
Sardaigne
80%
Etat client françaisNaples
69%
Vassal ottomanMoldavie
66%
Etat client françaisAndorre
54%
Etat client françaisSaint-Marin
49%
Monténégro
45%
Etat client françaisConfédération du Rhin
42%
Etat client françaisRépublique de Dantzig
39%
Etat client françaisDuché de Varsovie
38%
Vassal ottomanValachie
33%
Etat client françaisLucques
16%
Etat client françaisNeuchâtel
11%
Etat client françaisBénévent
4%
Etat client françaisPrincipauté d'Erfurt
3%

Distribution des résultats

Percentile par nombre de réponses

% des personnes avec chaque résultat

Votre développement - résultats

Vous n’avez pas pris ce quiz